[Event "TUR Cup"]
[Site "Denizli"]
[Date "2023.07.19"]
[Round "6"]
[White "Sahin, Burak Doga"]
[Black "Koc, Ulas"]
[Result "1/2-1/2"]
[WhiteElo "1599"]
[BlackElo "1498"]
[PlyCount "65"]
[EventDate "2023.07.16"]
[EventType "team-tourn"]
[EventRounds "9"]
[EventCountry "TUR"]
[SourceTitle "CBM 215 Extra"]
[Source "ChessBase"]
[SourceDate "2023.09.30"]
[SourceVersion "1"]
[SourceVersionDate "2023.09.30"]
[SourceQuality "1"]

1. e4 c5 2. Nc3 e6 3. d4 cxd4 4. Qxd4 Nc6 5. Qd3 a6 6. Bf4 Qa5 7. 0-0-0 Bb4 8. Bd6 Nge7 9. Nge2 b5 10. e5 Bxd6 11. exd6 Ne5 12. Qe4 N7c6 13. Nd4 0-0 14. f4 f5 15. Qe3 Nxd4 16. fxe5 Nc6 17. Qc5 Bb7 18. a3 Rac8 19. Be2 Nd8 20. Qd4 Nc6 21. Qc5 Nd8 22. Qd4 Nc6 23. Qc5 Nd8 24. Qd4 Nc6 25. Qc5 Nd8 26. Qd4 Nc6 27. Qc5 Nd8 28. Qd4 Nc6 29. Qc5 Nd8 30. Qd4 Nc6 31. Qc5 Nd8 32. Qd4 Nc6 33. Qc5 1/2-1/2

[Event "TUR Cup"]
[Site "Denizli"]
[Date "2023.07.18"]
[Round "4"]
[White "Yildirim, Berkan"]
[Black "Koc, Ulas"]
[Result "1/2-1/2"]
[WhiteElo "1601"]
[BlackElo "1498"]
[PlyCount "85"]
[EventDate "2023.07.16"]
[EventType "team-tourn"]
[EventRounds "9"]
[EventCountry "TUR"]
[SourceTitle "CBM 215 Extra"]
[Source "ChessBase"]
[SourceDate "2023.09.30"]
[SourceVersion "1"]
[SourceVersionDate "2023.09.30"]
[SourceQuality "1"]

1. e4 c5 2. Nc3 e6 3. Nf3 a6 4. d3 Nc6 5. g3 d6 6. Bg2 Nf6 7. 0-0 Be7 8. Kh1 Qc7 9. Bf4 Nd7 10. Nd2 h5 11. Nb3 Nd4 12. Nxd4 cxd4 13. Ne2 e5 14. Bd2 Nc5 15. b4 Ne6 16. c3 Qb6 17. a3 Bd7 18. cxd4 Nxd4 19. Bc3 Nxe2 20. Qxe2 Rc8 21. Rac1 h4 22. Rfd1 hxg3 23. fxg3 Bg5 24. Bd2 Rxc1 25. Rxc1 Bxd2 26. Qxd2 0-0 27. h4 Rc8 28. h5 Rxc1+ 29. Qxc1 Qd4 30. h6 Qxd3 31. hxg7 Qxg3 32. Qh6 Qxg7 33. Qxd6 Bc6 34. a4 Kh7 35. Qe7 Qh6+ 36. Kg1 Qe3+ 37. Kh2 Qf4+ 38. Kg1 Qe3+ 39. Kh2 Qf4+ 40. Kg1 Bxe4 41. Qxf7+ Kh6 42. Qf8+ Kg5 43. Qg7+ 1/2-1/2